CY Untalan's applied pharmacology in nursing/ (Record no. 8012)
[ view plain ]
| 000 -LEADER | |
|---|---|
| fixed length control field | 00680nam a22002177a 4500 |
| 003 - CONTROL NUMBER IDENTIFIER | |
| control field | OSt |
| 005 - DATE AND TIME OF LATEST TRANSACTION | |
| control field | 20260130013911.0 |
| 008 - FIXED-LENGTH DATA ELEMENTS--GENERAL INFORMATION | |
| fixed length control field | 260130b |||||||| |||| 00| 0 eng d |
| 020 ## - INTERNATIONAL STANDARD BOOK NUMBER | |
| International Standard Book Number | 978-971-513-214-5. |
| 040 ## - CATALOGING SOURCE | |
| Original cataloging agency | DWC-Man Lib. |
| Transcribing agency | OC |
| 082 ## - DEWEY DECIMAL CLASSIFICATION NUMBER | |
| Edition number | 1st ed. |
| Classification number | Circ. 615 Un61c 2006 |
| 100 ## - MAIN ENTRY--PERSONAL NAME | |
| Personal name | Untalan, Aaron "CY" Tuesca |
| 245 ## - TITLE STATEMENT | |
| Title | CY Untalan's applied pharmacology in nursing/ |
| Statement of responsibility, etc. | Aaron "CY" Tuesca Untalan |
| 260 ## - PUBLICATION, DISTRIBUTION, ETC. | |
| Place of publication, distribution, etc. | Manila : |
| Name of publisher, distributor, etc. | Educational Publishing House, |
| Date of publication, distribution, etc. | c2006. |
| 300 ## - PHYSICAL DESCRIPTION | |
| Extent | xxi, 263 p. ; |
| Dimensions | 23 cm. |
| 504 ## - BIBLIOGRAPHY, ETC. NOTE | |
| Bibliography, etc. note | Includes references. |
| 650 ## - SUBJECT ADDED ENTRY--TOPICAL TERM | |
| Topical term or geographic name entry element | 1. Nursing. |
| 650 ## - SUBJECT ADDED ENTRY--TOPICAL TERM | |
| Topical term or geographic name entry element | 2. Pharmacology. |
| 760 ## - MAIN SERIES ENTRY | |
| Edition | 1st ed. |
| 942 ## - ADDED ENTRY ELEMENTS (KOHA) | |
| Source of classification or shelving scheme | Dewey Decimal Classification |
| Koha item type | Book Circulation |
| Edition | 1st ed. |
| Classification part | Circ. |
| Suppress in OPAC | No |
| 952 ## - LOCATION AND ITEM INFORMATION (KOHA) | |
| -- | |
| 952 ## - LOCATION AND ITEM INFORMATION (KOHA) | |
| -- | |
| 952 ## - LOCATION AND ITEM INFORMATION (KOHA) | |
| -- | |
| Withdrawn status | Lost status | Source of classification or shelving scheme | Damaged status | Not for loan | Home library | Current library | Shelving location | Date acquired | Source of acquisition | Cost, normal purchase price | Total Checkouts | Barcode | Date last seen | Copy number | Price effective from | Koha item type | Uniform Resource Identifier |
|---|---|---|---|---|---|---|---|---|---|---|---|---|---|---|---|---|---|
| Dewey Decimal Classification | HM & Nursing Library | HM & Nursing Library | Circulation | 03/19/2007 | School Fund | 285.00 | HMN44416 | 01/30/2026 | c1 | 01/30/2026 | BK-CIRC | ||||||
| Dewey Decimal Classification | HM & Nursing Library | HM & Nursing Library | Circulation | 03/19/2007 | School Fund | 285.00 | HMN44417 | 01/30/2026 | c2 | 01/30/2026 | BK-CIRC | ||||||
| Dewey Decimal Classification | HM & Nursing Library | HM & Nursing Library | Circulation | 01/30/2026 | 03/19/2007 | 285.00 | HMN44418 | 01/30/2026 | c3 | 01/30/2026 | BK-CIRC |